La Marquesa de Yolombó

Збережено в:
Бібліографічні деталі
Автор: Carrasquilla, Tomás (Автор)
Формат: Книга
Мова:Іспанська
Опубліковано: Buenos Aires W. M. Jackson 1945
Серія:Colección Panamericana, 8
Предмети:
Теги: Додати тег
Немає тегів, Будьте першим, хто поставить тег для цього запису!

MARC

LEADER 00000nam a2200000 a 4500
001 UCZ7227
003 CL-VaPUC
008 951228e19450000AG |||||||||||||||||spa|d
082 0 4 |a Co863  |b CAR  |2 21 
100 0 |a Carrasquilla, Tomás  |e author  |9 351992 
245 1 3 |a La Marquesa de Yolombó 
300 |a 428 p 
942 |c BK 
945 |d 19951228 00:00:00  |a rleighto 
260 |a Buenos Aires  |b W. M. Jackson  |c 1945 
650 0 |a Novelas colombianas  |9 266734 
583 |a last modification  |c 19951228 00:00:00  |k Rodrigo Vera 
490 0 |a Colección Panamericana, 8 
999 |c 243331  |d 243329 
952 |0 0  |1 0  |4 0  |6 CO_863_000000000000000_CAR_1945  |7 0  |8 A  |9 256909  |a BIBEDU  |b BIBEDU  |d 2019-11-19  |i 3165612  |o Co863 CAR 1945  |p 3165612  |r 2019-11-19  |w 2019-11-19  |y BK  |k LIT